000
00457nam a2200145Ia 4500
008
151213s9999 xx 000 0 und d
100
_a
নুরুল মোমেন।
245
_a
মুসলিম আইন।
_c
নুরুল মোমেন।
260
_a
ঢাকা
_b
বাংলা একাডেমী।
_c
1994
300
_a
3622 p.
650
_a
Law
650
_a
Law
700
_a
নুরুল মোমেন।
999
_c
2417
_d
2417